000 00496nam a2200169Ia 4500
008 240729s9999 xx 000 0 und d
022 _a2673-8937
245 0 _aInternational Journal of Translational Medicine
260 _aSwitzerland
260 _bMDPI AG
650 _a Computer applications to medicine. Medical informatics
650 _a Medicine (General)
650 _aMedicine
856 _uhttps://doaj.org/toc/2203c24a2f6e4bd1910bd94bc0b17f14
942 _2ddc
942 _cDOAJEJ
999 _c71935
_d71935
945 _a1
_bMadushi Gamage
_c1
_dMadushi Gamage